书目信息 |
| 题名: |
并购战略
|
|
| 作者: | 张海珊 , 陈雄兵 著 | |
| 分册: | ||
| 出版信息: | 北京 中国经济出版社 2014 |
|
| 页数: | 173页 | |
| 开本: | 24cm | |
| 丛书名: | ||
| 单 册: | ||
| 中图分类: | F271.4 | |
| 科图分类: | ||
| 主题词: | 企业合并--Qi Ye He Bing--研究 | |
| 电子资源: | ||
| ISBN: | 978-7-5136-2635-4 | |
| 000 | 01223nam0 22002771 450 | |
| 001 | 350116 | |
| 005 | 20161009084747.40 | |
| 010 | @a978-7-5136-2635-4@dCNY45.00 | |
| 100 | @a20140124d2014 kemy0chiy50 ea | |
| 101 | 0 | @achi@deng |
| 102 | @aCN@b110000 | |
| 105 | @ay v 001yy | |
| 106 | @ar | |
| 200 | 1 | @a并购战略@ABing Gou Zhan Lue@e如何寻找理想的并购对象@dMergers & acquisitions strategy@ehow to hunting the fit target@f张海珊,陈雄兵著@zeng |
| 210 | @a北京@c中国经济出版社@d2014 | |
| 215 | @a173页@d24cm | |
| 300 | @a中国经济文库·应用经济学精品系列(二) 国家自然科学基金项目:“战略并购中潜在协同效应研究” | |
| 330 | @a本书从机理分析到方法构建上系统地研究了如何寻找理想的并购对象。书中阐释了资源匹配的机理,建立了系统衡量资源匹配程度的方法,运用BP神经网络建立了预测并购成功性的模型体系。 | |
| 510 | 1 | @aMergers & acquisitions strategy@ehow to hunting the fit target@zeng |
| 517 | 1 | @a如何寻找理想的并购对象@ARu He Xin Zhao Li Xiang De Bing Gou Dui Xiang |
| 606 | 0 | @a企业合并@AQi Ye He Bing@x研究 |
| 690 | @aF271.4@v5 | |
| 701 | 0 | @a张海珊@AZhang Hai Shan@c(女,@f1978~)@4著 |
| 701 | 0 | @a陈雄兵@AChen Xiong Bing@f(1979~)@4著 |
| 801 | 0 | @aCN@bTANGWEI@20160803 |
| 905 | @b0888405-9@dF271.4@e1259@f5 | |
| 并购战略:如何寻找理想的并购对象=Mergers & acquisitions strategy:how to hunting the fit target/张海珊,陈雄兵著.-北京:中国经济出版社,2014 |
| 173页;24cm |
| 中国经济文库·应用经济学精品系列(二) 国家自然科学基金项目:“战略并购中潜在协同效应研究” |
| ISBN 978-7-5136-2635-4:CNY45.00 |
| 本书从机理分析到方法构建上系统地研究了如何寻找理想的并购对象。书中阐释了资源匹配的机理,建立了系统衡量资源匹配程度的方法,运用BP神经网络建立了预测并购成功性的模型体系。 |
| ● |
| 相关链接 |
|
|
|
|
正题名:并购战略
索取号:F271.4/1259
 
预约/预借
| 序号 | 登录号 | 条形码 | 馆藏地/架位号 | 状态 | 备注 |
| 1 | 0888405 | 208884055 | 第一样本阅览室/ [索取号:F271.4/1259] | 在馆 | |
| 2 | 0888406 | 208884064 | 第一借阅区/ [索取号:F271.4/1259] | 在馆 | |
| 3 | 0888407 | 208884073 | 第一借阅区/ [索取号:F271.4/1259] | 在馆 | |
| 4 | 0888408 | 208884082 | 密集书库-海洋学院/ [索取号:F271.4/1259] | 在馆 | |
| 5 | 0888409 | 208884091 | 第一借阅区/ [索取号:F271.4/1259] | 在馆 |